LEADER 01201nam a2200313 i 4500 001 991001306329707536 005 20020507191036.0 008 960314s1983 de ||| | eng 020 $a3540119809 035 $ab1082926x-39ule_inst 035 $aLE01310247$9ExL 040 $aDip.to Matematica$beng 082 0 $a001.642 084 $aAMS 68-06 084 $aAMS 68M05 100 1 $aGoto, Eiichi$0536703 245 10$aRIMS symposia on software science and engineeringKyoto, 1982 :$bproceedings /$cedited by Eiichi Goto ... [et al.] 260 $aBerlin :$bSpringer-Verlag,$c1983 300 $a232 p. :$bill. ;$c25 cm. 500 $aIncludes bibliographical references 650 4$aComputer architecture$xCongresses 650 4$aComputer software$xCongresses 650 4$aElectronic digital computers-programming$xCongresses 907 $a.b1082926x$b21-09-06$c28-06-02 912 $a991001306329707536 945 $aLE013 68-XX GOT11 (1983)$g1$i2013000043586$lle013$o-$pE0.00$q-$rl$s- $t0$u0$v0$w0$x0$y.i10937626$z28-06-02 996 $aRIMS symposia on software science and engineeringKyoto, 1982$9924557 997 $aUNISALENTO 998 $ale013$b01-01-96$cm$da $e-$feng$gde $h0$i1 LEADER 01583nam2 22003493i 450 001 MIL0081740 005 20251003044222.0 020 $aIT$b827021 100 $a20220406d1982 ||||0itac50 ba 101 | $aita 102 $ait 181 1$6z01$ai $bxxxe 182 1$6z01$an 183 1$6z01$anc$2RDAcarrier 200 1 $aˆ1: ‰Depenalizzazione e illecito amministrativo$fRaffaele Bertoni ... \et al.!$ga cura di Alfonso Amatucci ... \et al.! 210 $aMilano$cGiuffre$d1982 215 $aXVI, 744 p.$d22 cm. 225 | $aTeoria e pratica del diritto$i. Sezione 3, Diritto e procedura penale$v22 410 0$1001CFI0007644$12001 $aTeoria e pratica del diritto$i. Sezione 3, Diritto e procedura penale$v22 461 1$1001MIL0081244$12001 $aModifiche al sistema penale$elegge 24 novembre 1981 n. 689$fRaffaele Bertoni ... \et al.!$v1 606 $aDepenalizzazione$xLegislazione$xItalia$2FIR$3CFIC242135$9N 676 $a345$9Diritto penale$v12 676 $a345$9DIRITTO PENALE$v23 676 $a345.4505$9PROCEDURA PENALE GENERALE. ITALIA$v20 702 1$aAmatucci$b, Alfonso$3LO1V037415 801 3$aIT$bIT-000000$c20220406 850 $aIT-BN0095 $aIT-AV0007 $aIT-NA0070 912 $aMIL0081740 950 2$aBiblioteca Centralizzata di Ateneo$d 01D (AR) 5 114$e 01AR 0070051145 VMA A4 1 v.$fY $h20230426$i20230426$lFondo Chiomenti$mEx Libris 977 $a 01$a AV$a BU 996 $aDepenalizzazione e illecito amministrativo$91062348 997 $aUNISANNIO